• 首页
  • 本馆介绍
  • 公告通知
  • 最新文献
  • 馆藏检索
  • 电子资源
  • 读者导购
  • 参考咨询
  • 我的图书馆
  • 登录
  • 详细信息显示
  • 放入我的书架
  • 预约/预借图书
  • 作者相关作品
  • 分类相关作品
  • 丛书相关作品
  • 出版社相关作品

书目信息

  • 表格格式
  • 工作单格式
  • 卡片格式
题名:
汉语的构词法研究
    
 
作者: 潘文国 著
分册:  
出版信息: 上海   华东师范大学出版社  2004
页数: 543页
开本: 21cm
丛书名:
单 册:
中图分类: H146.1
科图分类:
主题词: 汉语--构词法--研究
电子资源:
ISBN: 7-5617-3819-6
000 01060nam0 2200301 450
000 01023nam0 2200289 450
000 01021nam0 2200301 450
000 00967nam0 2200277 450
000 00985nam0 2200265 450
000 00948nam0 2200253 45
001 TS2006042804
005 20061209160903.67
010    @a7-5617-3819-6@dCNY34.80
100    @a20060829d2004 em y0chiy0120 ea
101 0  @achi
102    @aCN@b310000
105    @ay z 000yy
200 1  @a汉语的构词法研究@AHan Yu De Gou Ci Fa Yan Jiu@f潘文国等著@FPan Wen Guo Deng Zhu
210    @a上海@c华东师范大学出版社@d2004
215    @a543页@d21cm
330    @a本书内容包括:利用词类和语法成分概念的构词法研究、加缀法的研究、语素基础上的构词法研究、语音与声调角度的构词法研究、构词法与造词法等。
606 0  @a汉语@x构词法@x研究
690    @aH146.1@v4
701  0 @a潘文国@APan Wen Guo@f(1944~)@4著
801  0 @aCN@b中图数据@c20061209
905    @a10447@dH146.1@e309
    
    汉语的构词法研究/潘文国等著.-上海:华东师范大学出版社,2004
    543页;21cm
    
    
    ISBN 7-5617-3819-6:CNY34.80
    本书内容包括:利用词类和语法成分概念的构词法研究、加缀法的研究、语素基础上的构词法研究、语音与声调角度的构词法研究、构词法与造词法等。
●
相关链接 在E读中查询图书 在五车中查询图书 在当当中查询图书 在豆瓣中查询图书


正题名:汉语的构词法研究     索取号:H146.1/309         预约/预借

序号 登录号 条形码 馆藏地/架位号 状态 备注
1 0611642   206116424   第二样本阅览室/ [索取号:H146.1/309] 在馆    
2 0611643   206116433   第四借阅区/ [索取号:H146.1/309] 在馆    
3 0611644   206116442   第四借阅区/ [索取号:H146.1/309] 在馆    
4 0611645   206116451   第四借阅区/ [索取号:H146.1/309] 在馆    
5 0611646   206116460   第四借阅区/ [索取号:H146.1/309] 在馆    
唐山师范学院图书馆 欢迎您!
大连网信软件有限公司© 版权所有